Automatic probabilistic knowledge acquisition from data /

Bibliographic Details
Main Author: Gevarter, William B. (Author)
Corporate Author: United States. National Aeronautics and Space Administration (sponsoring body.)
Format: Government Document eBook
Language:English
Published: Moffett Field, CA : National Aeronautics and Space Administration, Ames Research Center, April 1986.
Series:NASA technical memorandum ; 88224.
Subjects:
Online Access:https://purl.fdlp.gov/GPO/gpo65016

MARC

Tag First Indicator Second Indicator Subfields
LEADER 00000cam a2200000 i 4500
001 in00003781908
005 20211120173902.0
006 m o d f
007 cr bn|||||||||
008 160203e198604 caua obt f000 0 eng c
035 |a (OCoLC)ocn936487591 
040 |a GPO  |b eng  |e rda  |e pn  |c GPO  |d GPO  |d MvI  |d UtOrBLW 
042 |a pcc 
049 |a WWW 
074 |a 0830-D (online) 
086 0 |a NAS 1.15:88224 
100 1 |a Gevarter, William B.,  |e author.  |0 http://id.loc.gov/authorities/names/n82227203 
245 1 0 |a Automatic probabilistic knowledge acquisition from data /  |c William B. Gevarter. 
264 1 |a Moffett Field, CA :  |b National Aeronautics and Space Administration, Ames Research Center,  |c April 1986. 
300 |a 1 online resource (27 pages) :  |b illustrations. 
336 |a text  |b txt  |2 rdacontent 
337 |a computer  |b c  |2 rdamedia 
338 |a online resource  |b cr  |2 rdacarrier 
490 1 |a NASA technical memorandum ;  |v 88224 
500 |a Title from title screen (viewed Feb. 3, 2016). 
500 |a "April 1986." 
504 |a Includes bibliographical references (page 22). 
536 |a Sponsored by the National Aeronautics and Space Administration  |h T-6125 
536 |d A-86154  |d 506-45-2 
650 7 |a Applications programs (computers)  |2 nasat 
650 7 |a Information systems.  |2 nasat 
650 7 |a Matrices (mathematics)  |2 nasat 
650 7 |a Prediction analysis techniques.  |2 nasat 
650 7 |a Probability distribution functions.  |2 nasat 
710 2 |a Ames Research Center,  |e issuing body.  |0 http://id.loc.gov/authorities/names/n79138699 
710 1 |a United States.  |b National Aeronautics and Space Administration,  |e sponsoring body.  |0 http://id.loc.gov/authorities/names/n78087581 
776 0 8 |i Microfiche version:  |a Gevarter, William B.  |t Automatic probabilistic knowledge acquisition from data  |w (OCoLC)22737921 
830 0 |a NASA technical memorandum ;  |v 88224.  |0 http://id.loc.gov/authorities/names/n83707893 
856 4 0 |u https://purl.fdlp.gov/GPO/gpo65016  |t 0 
999 f f |s 5646144e-6f44-37aa-a7d6-c11dfe2925f7  |i 42575ffd-3950-3faa-a07c-15f202a36a8a  |t 0 
952 f f |a Texas A&M University  |b College Station  |c Electronic Resources  |d Available Online  |t 0  |e NAS 1.15:88224  |h Superintendent of Documents classification 
998 f f |a NAS 1.15:88224  |t 0  |l Available Online